|
|
|
|
| LEADER |
01201nam a2200301 a 4500 |
| 001 |
157031 |
| 008 |
090916s1997 enka b 001 0 eng d |
| 010 |
|
|
|a 98128398
|
| 020 |
|
|
|a 0099736217
|
| 020 |
|
|
|a 9780099736219
|
| 040 |
|
|
|a HY0
|c HY0
|d SUF
|d DLC
|
| 082 |
0 |
0 |
|a 521/.3
|2 21
|
| 100 |
1 |
|
|a Goodstein, David L.,
|d 1939-
|
| 245 |
1 |
0 |
|a Feynman's lost lecture :
|b the motion of planets around the sun /
|c David L. Goodstein and Judith R. Goodstein.
|
| 246 |
3 |
0 |
|a Motion of planets around the sun
|
| 246 |
1 |
|
|i Other title information on cover:
|a Motion of the planets around the sun
|
| 260 |
|
|
|a London :
|b Vintage,
|c 1997.
|
| 300 |
|
|
|a 191 p. :
|b ill. ;
|c 20 cm.
|
| 504 |
|
|
|a Includes bibliographical references (p. 183-184) and index.
|
| 541 |
1 |
|
|e 00019275
|
| 650 |
|
0 |
|a Celestial mechanics.
|
| 650 |
|
0 |
|a Planets
|x Orbits.
|
| 600 |
1 |
0 |
|a Feynman, Richard Phillips.
|
| 700 |
1 |
|
|a Feynman, Richard Phillips.
|
| 700 |
1 |
|
|a Goodstein, Judith R.
|
| 852 |
4 |
|
|a Ayesha Abed Library
|j General shelf
|
| 999 |
|
|
|c 3981
|d 3981
|
| 952 |
|
|
|0 0
|1 0
|2 ddc
|4 0
|6 521_300000000000000_GOO_1997
|7 0
|9 3669
|a BRACUL
|b BRACUL
|c GEN
|d 2009-09-15
|e Prothoma
|g 891.00
|l 9
|m 72
|o 521.3 GOO
|p 3010019275
|r 2025-06-22
|s 2025-03-23
|t 1
|w 2009-09-17
|y BK
|